Zmeny zákona o konkurze a reštrukturalizácii

Zákon č. 264/2017 Z.z. Zamedzenie fungovania nepoctivých fúzií obchodných spoločností, bielym koňom, posilniť zodpovednosť štatutárnych orgánov a spoločníkov obchodných spoločností.

Uložené v:
Podrobná bibliografia
Hlavný autor: Sandtner, Lucia
Médium: Kapitola
Jazyk:Slovak
Predmet:
Tagy: Pridať tag
Žiadne tagy, Buďte prvý, kto otaguje tento záznam!

MARC

LEADER 00000naa a2200000 4500
001 0240465
005 20180221133103.5
041 0 |a slo 
044 |a SK 
245 1 0 |a Zmeny zákona o konkurze a reštrukturalizácii  |c Lucia Sandtner 
520 |a Zákon č. 264/2017 Z.z. Zamedzenie fungovania nepoctivých fúzií obchodných spoločností, bielym koňom, posilniť zodpovednosť štatutárnych orgánov a spoločníkov obchodných spoločností. 
610 2 0 |a novelizácia 
610 2 0 |a konkurzy 
610 2 0 |a reštrukturalizácia 
610 2 0 |a podvody 
610 2 0 |a spoločnosti obchodné 
610 2 0 |a fúzie 
100 1 |a Sandtner, Lucia